000 00808cam a22002411 4500
001 sg 46000122
003 DLC
005 20260227112748.0
008 760825s1946 nyu b 000 0 ger c
010 _asg 46000122
035 _a(OCoLC)2394830
040 _aU.S. Surg.-gen. Off. Libr.
_cArLUA
_dArLUA
_dOCoLC
_dDLC
041 0 _agereng
042 _apremarc
050 0 0 _aPF3127.M4
_bK7
082 _a610.82
100 1 _aKremer, Edmund Philipp,
_eed.
245 1 0 _aIm Zeichen des Äskulap,
_bein Wissenschaftliches und Kulturelles Lesebuch für angehende studierende der Medizin,
_cherausgegeben von Edmund P. Kremer ...
260 _aNew York,
_bF. S. Crofts & Co.,
_c1946.
300 _axiv, 206 p.
_c21 cm.
504 _aBibliographical foot-notes.
650 0 _aGerman language
_xReaders
_xMedicine.
999 _c90744
_d90744